Shaping space : (Record no. 352997)
[ view plain ]
| 000 -LEADER | |
|---|---|
| fixed length control field | 00924 a2200289 4500 |
| 003 - CONTROL NUMBER IDENTIFIER | |
| control field | OSt |
| 005 - DATE AND TIME OF LATEST TRANSACTION | |
| control field | 20180116192353.0 |
| 008 - FIXED-LENGTH DATA ELEMENTS--GENERAL INFORMATION | |
| fixed length control field | 120601t xxu||||| |||| 00| 0 eng d |
| 010 ## - LIBRARY OF CONGRESS CONTROL NUMBER | |
| LC control number | 2005968968 |
| 020 ## - INTERNATIONAL STANDARD BOOK NUMBER | |
| International Standard Book Number | 0534613934 |
| 020 ## - INTERNATIONAL STANDARD BOOK NUMBER | |
| International Standard Book Number | 9780534613938 |
| 035 ## - SYSTEM CONTROL NUMBER | |
| System control number | (OCoLC)ocm68002168 |
| 040 ## - CATALOGING SOURCE | |
| Transcribing agency | 0 |
| 082 ## - DEWEY DECIMAL CLASSIFICATION NUMBER | |
| Classification number | 745.4 |
| 100 1# - MAIN ENTRY--PERSONAL NAME | |
| Personal name | Zelanski, Paul. |
| 9 (RLIN) | 3210 |
| 245 10 - TITLE STATEMENT | |
| Title | Shaping space : |
| Remainder of title | the dynamics of three-dimensional design / |
| Statement of responsibility, etc. | Paul Zelanski, Mary Pat Fisher. |
| 250 ## - EDITION STATEMENT | |
| Edition statement | 3rd ed. |
| 260 ## - PUBLICATION, DISTRIBUTION, ETC. | |
| Place of publication, distribution, etc. | Australia ; |
| -- | United States : |
| Name of publisher, distributor, etc. | Thomson Wadsworth, |
| Date of publication, distribution, etc. | c2007. |
| 300 ## - PHYSICAL DESCRIPTION | |
| Extent | ix, 278 p. : |
| Other physical details | ill. (some col.) ; |
| Dimensions | 23 cm. |
| 650 10 - SUBJECT ADDED ENTRY--TOPICAL TERM | |
| Topical term or geographic name entry element | Design. |
| 9 (RLIN) | 3211 |
| 650 10 - SUBJECT ADDED ENTRY--TOPICAL TERM | |
| Topical term or geographic name entry element | Visual perception. |
| 9 (RLIN) | 3212 |
| 650 10 - SUBJECT ADDED ENTRY--TOPICAL TERM | |
| Topical term or geographic name entry element | Space (Art) |
| 9 (RLIN) | 3213 |
| 650 10 - SUBJECT ADDED ENTRY--TOPICAL TERM | |
| Topical term or geographic name entry element | Relief (Art) |
| 9 (RLIN) | 3214 |
| 700 1# - ADDED ENTRY--PERSONAL NAME | |
| Personal name | Fisher, Mary Pat, |
| Dates associated with a name | 1943- |
| 9 (RLIN) | 3215 |
| 942 ## - ADDED ENTRY ELEMENTS (KOHA) | |
| Institution code [OBSOLETE] | SADA |
| Koha item type | Book |
| Call number prefix | 745.4 ZEL 2007 |
| Source of classification or shelving scheme | |
| Withdrawn status | Lost status | Source of classification or shelving scheme | Damaged status | Not for loan | Permanent Location | Current Location | Date acquired | Total Checkouts | Total Renewals | Full call number | Barcode | Date last seen | Date last checked out | Copy number | Cost, replacement price | Price effective from | Koha item type |
|---|---|---|---|---|---|---|---|---|---|---|---|---|---|---|---|---|---|
| School of Art Design and Architecture (SADA) | School of Art Design and Architecture (SADA) | 04/19/2011 | 7 | 1 | 745.4 ZEL 2007 | SADA0000990 | 10/08/2015 | 09/18/2015 | 01 | 9784.00 | 08/05/2011 | Book | |||||
| School of Art Design and Architecture (SADA) | School of Art Design and Architecture (SADA) | 04/19/2011 | 7 | 3 | 745.4 ZEL 2007 | SADA0000991 | 10/07/2015 | 09/18/2015 | 02 | 9784.00 | 08/05/2011 | Book |
